00398nam a2200121Ia 4500008004100000245005500041245001500096260000900111650001200120856005200132999001900184952007300203171211s9999 xx 000 0 und d aDoodling in French: How to Draw with Joie de Vivre cAnna Corba c2012 xDrawing uhttp://down.ebook777.com/002/978-0811878029.rar c348043d348043 001040aCLbCLd2017-12-11l0r2017-12-11 00:00:00w2017-12-11yCBE